| 000 | 00659nam a2200217 i 4500 | ||
|---|---|---|---|
| 001 | bg | ||
| 245 | 0 | 0 |
_aStatystyka w badaniach naukowych oraz polska wersja "Statisitica neural networks" : _bseminaria, Warszawa 9 paźdiernika 2000. |
| 260 |
_aKraków : _b"StatSoft Polska", _c2000. |
||
| 300 |
_a71 s. ; _c24 cm. |
||
| 650 | 9 |
_aStatistica (informat.) _xstosowanie |
|
| 650 | 9 |
_aStatystyka _xstosowanie |
|
| 650 | 9 | _aSieci neuronowe | |
| 655 | _aMateriały konferencyjne | ||
| 020 | _a8391234657 | ||
| 040 | _cBPK | ||
| 041 | 0 | _apl | |
| 080 | _a311:004.032.26 | ||
| 920 | _a83-912346-5-7 | ||
| 942 | _cKS | ||
| 008 | s pl f |000 0 pol | ||
| 999 |
_c39654 _d39654 |
||
| 856 |
_uhttp://koha.tu.koszalin.pl/cgi-bin/koha/opac-detail.pl?biblionumber=39654 _yKatalog online BPK |
||